| 000 | 00385nam a2200157Ia 4500 | ||
|---|---|---|---|
| 008 | 230917s9999||||xx |||||||||||||| ||und|| | ||
| 020 | _cPOU5.95 | ||
| 040 |
_e4699 _aMAIN |
||
| 041 | _aEnglish | ||
| 082 | _a338.0943 V868G | ||
| 100 | _aVogl, Frank | ||
| 245 | 0 | _aGerman business after the economic miracle | |
| 260 |
_aLondon _bMacmillan _c1973 |
||
| 300 | _a264 p. | ||
| 942 | _cBK | ||
| 999 |
_c214902 _d214902 |
||